Providing for further consideration of the bill (H.R. 2670) to authorize appropriations for fiscal year 2024 for military activities of the Department of Defense and for military construction, and for defense activities of the Department of Energy, to prescribe military personnel strengths for such fiscal year, and for other purposes : report (to accompany H. Res. 583).

Bibliographic Details
Corporate Author: United States. Congress. House. Committee on Rules (Author)
Format: Government Document eBook
Language:English
Published: [Washington, D.C.] : [U.S. Government Publishing Office], [2023]
Series:Report / 118th Congress, 1st session, House of Representatives ; 118-142
Subjects:
Online Access:PDF version
Text version

MARC

Tag First Indicator Second Indicator Subfields
LEADER 00000nam a2200000 i 4500
001 in00004744708
006 m o d f
007 cr |||||||||||
008 230718s2023 dcu ob f000 0 eng c
005 20230928190139.6
035 |a (OCoLC)on1390709730 
040 |a GPO  |b eng  |e rda  |e pn  |c GPO  |d MvI 
042 |a pcc 
043 |a n-us--- 
049 |a WWW 
074 |a 1008-I (online) 
086 0 |a Y 1.1/8:118-142 
110 1 |a United States.  |b Congress.  |b House.  |b Committee on Rules,  |0 https://id.loc.gov/authorities/names/n80051350  |e author. 
245 1 0 |a Providing for further consideration of the bill (H.R. 2670) to authorize appropriations for fiscal year 2024 for military activities of the Department of Defense and for military construction, and for defense activities of the Department of Energy, to prescribe military personnel strengths for such fiscal year, and for other purposes :  |b report (to accompany H. Res. 583). 
264 1 |a [Washington, D.C.] :  |b [U.S. Government Publishing Office],  |c [2023] 
300 |a 1 online resource (73 pages). 
336 |a text  |b txt  |2 rdacontent 
337 |a computer  |b c  |2 rdamedia 
338 |a online resource  |b cr  |2 rdacarrier 
490 1 |a Report / 118th Congress, 1st session, House of Representatives ;  |v 118-142 
500 |a In scope of the U.S. Government Publishing Office Cataloging and Indexing Program (C&I) and Federal Depository Library Program (FDLP). 
500 |a "July 13, 2023." 
500 |a Referred bill: H. Res. 583. 
500 |a GPO Cataloging Record Distribution Program (CRDP). 
504 |a Includes bibliographical references. 
588 |a Description based on online version of print resource (GovInfo, viewed on July 18, 2023); title from caption. 
610 1 0 |a United States.  |b Congress.  |b House  |x Rules and practice. 
610 1 0 |a United States.  |b Department of Defense  |x Appropriations and expenditures.  |0 https://id.loc.gov/authorities/subjects/sh85140827 
650 7 |a Congress.  |2 cgpa 
655 7 |a Legislative materials.  |2 lcgft  |0 https://id.loc.gov/authorities/genreForms/gf2011026362 
776 0 8 |i Print version:  |a United States. Congress. House. Committee on Rules.  |t Providing for further consideration of the bill (H.R. 2670) to authorize appropriations for fiscal year 2024 for military activities of the Department of Defense and for military construction, and for defense activities of the Department of Energy, to prescribe military personnel strengths for such fiscal year, and for other purposes  |w (OCoLC)1390709776 
810 1 |a United States.  |b Congress.  |b House.  |t Report ;  |0 https://id.loc.gov/authorities/names/n42025618  |v 118-142. 
856 4 0 |3 PDF version  |u https://purl.fdlp.gov/GPO/gpo214632  |t 0 
856 4 0 |3 Text version  |u https://purl.fdlp.gov/GPO/gpo214633  |t 0 
999 f f |s 993f50d0-c064-4dfe-868b-f672cfae6b4e  |i 51daf69c-2145-4e68-b8a4-b5094de6876c  |t 0 
952 f f |a Texas A&M University  |b College Station  |c Electronic Resources  |d Available Online  |t 0  |e Y 1.1/8:118-142  |h Superintendent of Documents classification 
998 f f |a Y 1.1/8:118-142  |t 0  |l Available Online